000 00328nam a2200145Ia 4500
005 20251222152719.0
008 251222s9999||||xx |||||||||||||| ||spa||
020 _a8420619272
082 _a861.37/D35
100 _aDe Gongora, Luis
245 0 _aSoledades
250 _a1ra.ed.
264 _bAlianza Editorial
942 _cLIB
999 _c29507
_d29507